| 000 | 00379nam a22001217a 4500 | ||
|---|---|---|---|
| 008 | 150226b xxu||||| |||| 00| 0 eng d | ||
| 050 | _aPR9369.3.L5S5 | ||
| 100 |
_aLivingstone, Douglas _915579 |
||
| 245 |
_aSjambok and other poems from Africa _cDouglas Livingstone |
||
| 260 |
_aLondon _bOxford University Press _c1964 |
||
| 300 |
_avii,56p. ; _c22cm. |
||
| 942 |
_2lcc _cMONOGRAPH |
||
| 999 |
_c122209 _d122209 |
||